Music Quiz

Random Music Quiz

BBC Sound of... Quiz Stats

 Plays Quiz not verified by Sporcle

Score 0/14 Timer 04:00
0 Plays Today
Year Winner % Correct
2008Adele
76.5%
2014Sam Smith
64.7%
2015Years & Years
58.8%
2004Keane
41.2%
2010Ellie Goulding
41.2%
200350 Cent
35.3%
2013Haim
35.3%
Year Winner % Correct
2005The Bravery
29.4%
2011Jessie J
29.4%
2012Michael Kiwanuka
29.4%
2016Jack Garratt
28.6%
2006Corinne Bailey Rae
23.5%
2007Mika
23.5%
2009Little Boots
23.5%

You're not logged in!

Compare scores with friends on all Sporcle quizzes.
OR
Log In

Show Comments

Extras

Top Quizzes Today


Score Distribution

Your Account Isn't Verified!

In order to create a playlist on Sporcle, you need to verify the email address you used during registration. Go to your Sporcle Settings to finish the process.

Report this User

Report this user for behavior that violates our Community Guidelines.

Details: